000 00578nam a2200181Ia 4500
005 20250508162713.0
008 008 250505s9999 xx 000 0 eng d
037 _aTextual
040 _aFEDL
_beng
_cFEDL
041 _aeng
_2eng
084 _a370.193, NCE
_qFEDL
100 _aDamle Y.B.
_9773864
245 0 _aField studies in the sociology of education : The report on Maharashtra
260 _aPune, India
_bNational Council of Educational Research and Traning
_c1976
300 _aix,274p.
942 _cTEXL
_h370.193, NCE
999 _c1378166
_d1378166